| 000 | 00436nam a2200193Ia 4500 | ||
|---|---|---|---|
| 008 | 170918s9999 xx 000 0 und d | ||
| 020 | _a9780545773317 | ||
| 050 | _bM269sc 2013 | ||
| 100 | _aMancusi, Mari | ||
| 245 | _aScorched / | ||
| 245 | _cby Mari Mancusi. | ||
| 260 | _aNew York : | ||
| 260 | _bScholastic, | ||
| 260 | _c2013 | ||
| 300 | _a342 pages : | ||
| 300 | _billustrations : | ||
| 300 | _c20cm. | ||
| 500 | _a740 | ||
| 999 |
_c344149 _d344149 |
||